000 00504nam a2200169Ia 4500
999 _c26874
_d26874
003 OSt
005 20201215162020.0
008 190216s9999||||xx |||||||||||||| ||und||
040 _coclc
082 _a894.8124
_bKUR/S
100 _aKurup, K K N
_91879
_d1939- author.
245 0 _aSamooham Charithram Samskaram /
_cK K N Kurup
260 _bPoorna Publication,
_aKozhikode:
_c1989.
300 _a112p
650 _aLekhanam
942 _cBK
_2ddc
_h894.8124
_iKUR/S
_k894.8124
_mKUR/S